Statistiques concernant Petit Bac #14 - Iles Françaises

Cliquez ici pour prendre le quiz!

Statistiques générales

  • Ce quiz a été pris 245 fois
  • Le résultat moyen est 6 sur 17

Statistiques - réponses

1ère Lettre Ile (50+ km2) % Correct
MMartinique / Maré / Miquelon / Marie-Galante / Moorea / Makemo
90%
RRéunion / Raiatea / Ré (île de) / Rangiroa
87%
CCorse / Cochons (ile aux)
84%
OOléron / Ouvéa
66%
BBasse-Terre / Belle-Ile-en-Mer
54%
TTahiti / Tahaa / Tahuata
53%
WWallis
53%
NNuku Hiva / Noirmoutier (île de)
34%
SSaint-Martin
31%
GGrande-Terre / Grande Terre
29%
AAmsterdam (île) / Art (île)
6%
PPossession (île de la) / Pins (île des)
4%
LLifou
2%
HHiva Oa / Huahine / Howe
2%
EEst (île de l')
2%
FFoch (île) / Fatu Hiva
0%
UUa Pou / Ua Huka
0%

Distribution des résultats

Percentile by Number Answered

% des personnes avec chaque résultat

Votre développement - résultats

Vous n’avez pas pris ce quiz